Ulice we Wrześni - Statystyki

Ogólne statystyki
  • Ten quiz został rozwiązany 9 razy
  • Średni wynik to 24 z 238
Statystyki odpowiedzi
Inicjały (imię/nazwisko)/akronim/pierwsza litera Odpowiedź % Poprawnych
68PP 68 Pułku Piechoty
86%
3M 3 Maja
71%
AP Armii Poznań
71%
M Mickiewicza
71%
17DP 17 Dywizji Piechoty
57%
J. P II Jana Pawła II
57%
S Słowackiego
57%
S Szkolna
57%
F Fromborska
43%
G Gdańska
43%
gen. D Generała Dąbrowskiego
43%
K Kolejowa
43%
LW Legii Wrzesińskiej
43%
SW Szosa Witkowska
43%
W Warszawska
43%
A. A Adama Asnyka
29%
A Akacjowa
29%
BMC Bohaterów Monte Cassino
29%
B. C Bolesława Chrobrego
29%
B. Ś Bronisławy Śmidowicz
29%
C. N Cypriana Norwida
29%
D Daszyńskiego
29%
F Fabryczna
29%
gen. T. K Gen. Tadeusza Kutrzeby
29%
gen. W. S Gen. Władysława Sikorskiego
29%
G Gnieźnieńska
29%
I. P Ignacego Paderewskiego
29%
J. III S Jana III Sobieskiego
29%
J. T Juliana Tuwima
29%
K Kaliska
29%
K Kopernika
29%
K Kościelna
29%
K Kościuszki
29%
mjr. S. C Majora Stanisława Culica
29%
M. T Mariana Turwida
29%
M I Mieszka I
29%
N Niepodległości
29%
O Ogrodowa
29%
R Rynek
29%
S Sienkiewicza
29%
S. W Stanisława Wyspiańskiego
29%
S. Ż Stefana Żeromskiego
29%
S Szeroka
29%
W Witkowska
29%
A. G Antoniego Gendka
14%
A. Z Antoniego Zamysłowskiego
14%
A Azaliowa
14%
B Brylantowa
14%
B Brzozowa
14%
B Bursztynowa
14%
C Czerniejewska
14%
D Diamentowa
14%
D Dworcowa
14%
DW Dzieci Wrzesińskich
14%
E Elbląska
14%
gen. J. B Gen. Józefa Bema
14%
gen. R. A gen. Romana Abrahama
14%
H. K Hugona Kołłątaja
14%
I. W Ignacego Wietrzyńskiego
14%
J. D Jana Donaja
14%
J. K Jana Kochanowskiego
14%
J. M Jana Matejki
14%
J. P Józefa Piłsudskiego
14%
K Kilińskiego
14%
K Kosynierów
14%
K Koszarowa
14%
K. J Królowej Jadwigi
14%
K Kwarcowa
14%
Ł Łużycka
14%
M Malborska
14%
M. S Michała Strzykały
14%
M Miłosławska
14%
O Objazdowa
14%
O Oleśnicka
14%
O Opalowa
14%
O Opieszyn
14%
P Pilska
14%
PŚS Plac Świętego Stanisława
14%
P Pola
14%
PW Powstańców Wielkopolskich
14%
ppłk. A. N ppłk. Alojzego Nowaka
14%
P Prusa
14%
R. D Romana Dmowskiego
14%
S Słoneczna
14%
S Sokołowska
14%
S Spokojna
14%
S. K Stanisława Koniecznego
14%
S. S Stanisława Szyftera
14%
S. B Stefana Batorego
14%
S Szafirowa
14%
S Szmaragdowa
14%
W Wielkopolska
14%
W. W Władysława Wiewiórowskiego
14%
WP Wojska Polskiego
14%
W Wrocławska
14%
Ż Żagańska
14%
Z Zamkowa
14%
Z Zielonogórska
14%
Ż Żwirki i Wigury
14%
A. C Alberta Chmielowskiego
0%
A. R Alfreda Romanowicza
0%
A Ametystowa
0%
A. C Antoniego Ciszaka
0%
A. G Artura Grottgera
0%
B Błękitna
0%
B. L Bolesława Leśmiana
0%
B Bytomska
0%
C Cyrkoniowa
0%
D Dolnośląska
0%
D Dondajewskiego
0%
D Działkowców
0%
E. O Elizy Orzeszkowej
0%
F. S Filipa Skoraczewskiego
0%
F. C Franciszka Czapskiego
0%
F. C Fryderyka Chopina
0%
G. Z Gabrieli Zapolskiej
0%
gen. A. K Gen. Antoniego Kosińskiego
0%
gen. I. P gen. Ignacego Prądzyńskiego
0%
gen. K. G Gen. Kazimierza Grudzielskiego
0%
gen. K. P Gen. Kazimierza Pułaskiego
0%
gen. L. M Gen. Ludwika Mierosławskiego
0%
G Gliwicka
0%
G Głogowska
0%
G Gorzowska
0%
G Granatowa
0%
G Grunwaldzka
0%
G Gubińska
0%
G Gwiaździsta
0%
H Harcerska
0%
H. C Hipolita Cegielskiego
0%
I. K Ignacego Krasickiego
0%
I. K Ignacego Kujawy
0%
J. M Jacka Malczewskiego
0%
J Jagodowa
0%
J. B Jana Bartkowiaka
0%
J. D Jana Długosza
0%
J. K Jana Kasprowicza
0%
J. K Jana Kramera
0%
J Jasna
0%
J. C Józefa Chełmońskiego
0%
J. I. K Józefa Ignacego Kraszewskiego
0%
J. M Józefa Mackiewicza
0%
J. W Józefa Wybickiego
0%
KS Kamieni Szlachetnych
0%
K. L Karola Libelta
0%
K. F Kazimierza Fedyka
0%
K. L Kazimierza Lieske
0%
K. W Kazimierza Wielkiego
0%
K Kołobrzeska
0%
K Konopnickiej
0%
K. G Konstantego Gałczyńskiego
0%
K Koralowa
0%
K Koszalińska
0%
K Kożuchowska
0%
kpt. A. S kpt. Antoniego Szała
0%
kpt. T. F kpt. Tadeusza Fenrycha
0%
K Kryształowa
0%
K. K. B Krzysztofa Kamila Baczyńskiego
0%
K Krzyżagórskich
0%
KW Księdza Wawrzyniaka
0%
K Księżycowa
0%
ks. J. L ks. Jana Laskowskiego
0%
K Kwiatowa
0%
K Kwidzyńska
0%
L Lazurowa
0%
L Legnicka
0%
L. N Leona Niestrawskiego
0%
L. S Leopolda Staffa
0%
L Leśna
0%
L Letnia
0%
L Lubuska
0%
M Malinowa
0%
M Marcinkowskiego
0%
M. D Marii Dąbrowskiej
0%
M Mazurska
0%
M. D Michała Drzymały
0%
M. R Mikołaja Reja
0%
O Olsztyńska
0%
O Opolska
0%
O Owocowa
0%
P Parkowa
0%
P Perłowa
0%
P Piastów
0%
P. J Piotra Jarocińskiego
0%
P. Ś Piotra Ściegiennego
0%
P Platynowa
0%
P Pogodna
0%
P Polkowicka
0%
por. J. T por. Józefa Trawińskiego
0%
ppor. S. M ppor. Stanisława Mycielskiego
0%
P Promienista
0%
P Przemysłowa
0%
R Raciborska
0%
R Ratuszowa
0%
R Reymonta
0%
R. T Romualda Traugutta
0%
R Rubinowa
0%
R Rzeczna
0%
R Rzemieślnicza
0%
S Sądowa
0%
S Sienna
0%
S Słowian
0%
S Słupska
0%
S Spacerowa
0%
S. K Stanisława Konarskiego
0%
S. M Stanisława Moniuszki
0%
S. W Stanisława Witkiewicza
0%
S Stasiewskiego
0%
S Staszica
0%
S. T Stefana Tuhego
0%
S Suwalska
0%
Ś Świdnicka
0%
Ś Świętokrzyska
0%
S Szczecińska
0%
T. H Tadeusza Hernesa
0%
T. M Tadeusza Makowskiego
0%
T Tęczowa
0%
T. D Tomasza Dziamy
0%
T Topazowa
0%
T Turkusowa
0%
W. S Wacława Sołtysiaka
0%
W Wałbrzyska
0%
W Warmińska
0%
W Warsztatowa
0%
W Waryńskiego
0%
W Wczasowa
0%
W. G Wincentego Gawęckiego
0%
W. K Wincentego Kadłubka
0%
W Wiśniowa
0%
W. S Wita Stwosza
0%
W. B Władysława Broniewskiego
0%
W. Ł Władysława Łokietka
0%
W. O Władysława Orkana
0%
W. T Władysława Troczyńskiego
0%
W. K Wojciecha Kossaka
0%
W Wrzosowa
0%
Z Zawodzie
0%
Z. N Zofii Nałkowskiej
0%
Nie znaleziono quizów pasujących do podanych kryteriów
Rozkład punktacji
Procent ludzi z każdym wynikiem
Percentyl według liczby udzielonych odpowiedzi
Twoja historia wyników
Nie rozwiązałeś tego quizu